Southville International School and Colleges
Your cart is empty.
  • Cart
  • Lists
    Public lists Eva Luna New books Lux_list list_1
    Your lists Log in to create your own lists
  • Log in to your account
  • Your cookies
  • Search history
Southville International School and Colleges
  • Advanced search
  • Recent comments
  • Most popular
  • Libraries

Log in to your account

Log in with GOOGLE


If you do not have an external account, but do have a local account, you can still log in:

  1. Home
  2. MARC view: Psychological, anthropological and sociological foundations of education /
Normal view MARC view ISBD view

Psychological, anthropological and sociological foundations of education / (Record no. 291620)

[ view plain ]
MARC details
000 -LEADER
fixed length control field 00691nam a2200241Ia 4500
008 - FIXED-LENGTH DATA ELEMENTS--GENERAL INFORMATION
fixed length control field 160319s9999 xx 000 0 und d
020 ## - INTERNATIONAL STANDARD BOOK NUMBER
International Standard Book Number 971-725-112-8
050 ## - LIBRARY OF CONGRESS CALL NUMBER
Classification number FIL LB 1051
050 ## - LIBRARY OF CONGRESS CALL NUMBER
Item number .V44 2004
100 ## - MAIN ENTRY--PERSONAL NAME
Personal name Vega, Violeta A.
245 ## - TITLE STATEMENT
Title Psychological, anthropological and sociological foundations of education /
245 ## - TITLE STATEMENT
Statement of responsibility, etc Violeta A. Vega.
260 ## - PUBLICATION, DISTRIBUTION, ETC. (IMPRINT)
Place of publication, distribution, etc Makati City:
260 ## - PUBLICATION, DISTRIBUTION, ETC. (IMPRINT)
Name of publisher, distributor, etc Grandwater Pub.,
260 ## - PUBLICATION, DISTRIBUTION, ETC. (IMPRINT)
Date of publication, distribution, etc 2004
300 ## - PHYSICAL DESCRIPTION
Extent 135 pages :
300 ## - PHYSICAL DESCRIPTION
Other physical details illustrations ;
300 ## - PHYSICAL DESCRIPTION
Dimensions 26 cm.
500 ## - GENERAL NOTE
General note Includes bibliographical references.
650 ## - SUBJECT ADDED ENTRY--TOPICAL TERM
Topical term or geographic name as entry element Educational anthropology.
650 ## - SUBJECT ADDED ENTRY--TOPICAL TERM
Topical term or geographic name as entry element Educational sociology.
650 ## - SUBJECT ADDED ENTRY--TOPICAL TERM
General subdivision Educational psychology.
Holdings
Withdrawn status Lost status Damaged status Home library Current library Shelving location Date acquired Cost, normal purchase price Total Checkouts Full call number Barcode Date last seen Price effective from Koha item type
      South Mansfield College South Mansfield College Filipiniana Section 03/07/2005 145.00   FIL LB 1051 .V44 2004 SMC01600 03/19/2016 03/19/2016  

Psychological, anthropological and sociological foundations of education /

APA

Vega V. A., .Psychological, anthropological and sociological foundations of education. Makati City: .

Chicago

Vega Violeta A, .Psychological, anthropological and sociological foundations of education. Makati City: .

Harvard

Vega V. A., .Psychological, anthropological and sociological foundations of education. Makati City: .

MLA

Vega Violeta A, .Makati City: . .

  • Place hold
  • Print
  • Cite
  • Add to your cart (remove)
  • Save record
    BIBTEX Dublin Core MARCXML MARC (non-Unicode/MARC-8) MARC (Unicode/UTF-8) MARC (Unicode/UTF-8, Standard) MODS (XML) RIS
  • More searches
    Search for this title in:
    Other Libraries (WorldCat) Other Databases (Google Scholar) Online Stores (Bookfinder.com) Open Library (openlibrary.org)

Exporting to Dublin Core...

SOUTHVILLE LIBRARY

Southville International School and Colleges Library

1281 Tropical Ave. Cor. Luxembourg St., BF Homes International, Las Pinas City

Tel. No. 8256374 / 252358 Loc. 117/146

Powered by Koha